The Lotus Sutra in japanese culture

محفوظ في:
التفاصيل البيبلوغرافية
التنسيق: كتاب
اللغة:الإنجليزية
منشور في: Honolulú University of Hawaii 1989
الموضوعات:
الوسوم: إضافة وسم
لا توجد وسوم, كن أول من يضع وسما على هذه التسجيلة!

MARC

LEADER 00000nam a2200000 a 4500
001 UCX8224
003 CL-VaPUC
008 940315e19890000US |||||||||||||||||eng|d
082 0 4 |a 294.385  |b THE  |2 21 
245 1 4 |a The Lotus Sutra in japanese culture 
300 |a 239 p 
942 |c BK 
945 |d 19940315 00:00:00  |a aalvarez 
260 |a Honolulú  |b University of Hawaii  |c 1989 
650 0 |a Civilización   |9 255823 
651 0 |a Japón   |9 260391 
583 |a last modification  |c 19940315 00:00:00  |k Rodrigo Vera 
999 |c 227794  |d 227792 
952 |0 0  |1 0  |4 0  |6 294_385000000000000_THE_1989  |7 0  |8 A  |9 227027  |a BIBGIM  |b BIBGIM  |d 2019-11-15  |i 2961911  |o 294.385 THE 1989  |p 2961911  |r 2025-01-15  |w 2019-11-15  |y BK  |k ORI